Tilastot visalle Suurimmat kaupungit kirjaimittain - A

Klikkaa tästä pelataksesi tätä visaa!

Yleistilastot

  • Tätä visaa on pelattu 436 kertaa
  • Keskiarvotulos 13 / 20

Vastaustilastot

ValtioVäkilukuKaupunki% Oikein
Kreikka3,55 milj.Ateena
96%
Turkki5,20 milj.Ankara
95%
Alankomaat2,50 milj.Amsterdam
93%
Algeria4,18 milj.Alger
86%
Etiopia4,60 milj.Addis Abeba
80%
Jordania5,85 milj.Amman
79%
Egypti6,10 milj.Aleksandria
76%
Ghana6,35 milj.Accra
75%
Nigeria4,10 milj.Abuja
68%
Yhdysvallat6,10 milj.Atlanta
67%
Madagaskar2,95 milj.Antananarivo
66%
Paraguay2,45 milj.Asunción
64%
Yhdysvallat
2,18 milj.
Austin
63%
Syyria1,90 milj.Aleppo
55%
Kazakstan2,55 milj.Almaty
53%
Intia9,30 milj.Ahmedabad
48%
Intia2,50 milj.Agra
42%
Norsunluurannikko6,55 milj.Abidjan
40%
Kiina2,35 milj.Anshan
15%
Intia1,97 milj.Aurangabad
14%

Tulosjakauma

Persentiili vastausten määrän mukaan

Jokaisen tuloksen saaneiden osuus

Tuloshistoriasi

Et ole pelannut tätä visaa